Представление документа в формате RUSMARC

ПолеНазваниеЗначение
  Тип записи a
  Библиографический уровень c
001 Контрольный номер RU/SLIB/B/208782043
005 Дата корректировки 20201206204346.0
010 Индекс ISBN __
d Цена 3-57
101 Язык документа __
a Язык текста rus
200 Заглавие и сведения об ответственности __
a Заглавие Освещенные окна
f Первые сведения об ответственности В. А. Каверин ; вступ. ст. В. Борисовой
b Общее обозначение материала Текст
i Наименование части О литературе и искусстве
i Наименование части В старом доме
210 Выходные данные __
a Место издания М.
c Издательство Худож. лит.
d Дата издания 1977
215 Физическое описание __
a Объем 766 с.
c Иллюстрации/тип воспроизводства 10 л. ил.
327 Примечание о содержании __
a Примечание о содержании О литературе и искусстве
461 Уровень набора __
1 2001
a Избранные произведения
v Т. 2
606 Тематические рубрики __
a Основная рубрика Художественная литература
z Хронологическая подрубрика 20 в.
y Географическая подрубрика Россия
606 Тематические рубрики __
a Основная рубрика Русская литература XX в. (произведения)
610 Ключевые слова __
a Ключевые слова писатели; прозаики; литературные портреты; автобиографические романы
686 Индексы других классификаций __
a Классификационный индекс 84(2Рос=Рус)6-4
700 Автор __
a Фамилия Каверин
b Имя В. А.
4 Код отношения 070
701 Альтернативная интеллектуальная ответственность __
a Фамилия Борисова
b Имя В.
801 Источник записи _0
a Страна RU
b Организация Муниципальное бюджетное учреждение культуры "Централизованная библиотечная система" г. Сургут (Центральная городская библиотека им. А. С. Пушкина)
g Правила каталогизации КиК/Лебедева
801 Источник записи _1
a Страна RU
b Организация Муниципальное бюджетное учреждение культуры "Централизованная библиотечная система" г. Сургут (Центральная городская библиотека им. А. С. Пушкина)
g Правила каталогизации КиК/Лебедева
852 Данные о местонахождении __
j Шифр хранения 84(2Рос=Рус)6-4
i Авторский знак К 12
p Инвентарный номер 74863(с); 90314(с)
901 Тип документа __
t Тип документа x
969 Тип издания __
a Тип издания сборник
990 Данные о заказе (DOS) __
j Количество экземпляров (DOS) 1; 1
t N записи в КСУ для И/У (DOS) ретро